Introduction to multivariate statistical analysis (Record no. 22381)

MARC details
000 -LEADER
fixed length control field 00286nam a2200109Ia 4500
082 ## - DEWEY DECIMAL CLASSIFICATION NUMBER
Classification number 031
Item number AND
100 ## - MAIN ENTRY--AUTHOR NAME
Personal name Anderson, T W
245 #0 - TITLE STATEMENT
Title Introduction to multivariate statistical analysis
260 ## - PUBLICATION, DISTRIBUTION, ETC. (IMPRINT)
Place of publication New York
Name of publisher Wiley
Year of publication 1958
942 ## - ADDED ENTRY ELEMENTS (KOHA)
Koha item type Books
Holdings
Withdrawn status Lost status Damaged status Not for loan Home library Current library Date acquired Full call number Accession Number Koha item type
        RRII Library RRII Library 16/12/2021 031 AND 03101 Books